Ducks by Picture - Statistics

General Stats
  • This quiz has been taken 291 times
  • The average score is 11 of 24
Answer Stats
Picture Answer % Correct
Mallard
95%
Wood Duck
81%
Green-winged Teal
75%
Northern Pintail
74%
Northern Shoveler
60%
Redhead
60%
Common Goldeneye
56%
Lesser Scaup
54%
Bufflehead
53%
Mandarin Duck
51%
Canvasback
49%
American Wigeon
43%
Ruddy Duck
42%
Ring-necked Duck
40%
Gadwall
39%
King Eider
37%
Harlequin Duck
36%
Long-tailed Duck
31%
Muscovy Duck
21%
Black-bellied Whistling-Duck
20%
Common Pochard
15%
Smew
15%
Ruddy Shelduck
10%
Hardhead
4%
No matching quizzes found
Score Distribution
Percent of People with Each Score
Percentile by Number Answered
Your Score History
You have not taken this quiz